| 000 | 00695 a2200277 4500 | ||
|---|---|---|---|
| 003 | DLC | ||
| 005 | 20260401111702.0 | ||
| 008 | 2026s2026 xx 000 0 eng d | ||
| 020 | _a9780198899693 | ||
| 040 |
_aDLC _beng |
||
| 050 | 4 | _aRC268.4 .P43 2026 | |
| 082 | 0 | 4 | _a616.99407 |
| 100 | 1 |
_aPecorino, Lauren _eauthor. |
|
| 245 | 1 | 0 |
_aMolecular biology of cancer _cPecorino, Lauren. |
| 250 | _a6th ed. | ||
| 264 | 1 |
_bOxford University Press _c2026 |
|
| 300 | _axviii, 456 p. : ill. | ||
| 336 | _2CC | ||
| 338 | _2CC | ||
| 650 | 0 | _aCancer | |
| 650 | 0 | _aMolecular biology | |
| 650 | 0 | _aCarcinogenesis | |
| 650 | 0 | _aCancer--Molecular aspects | |
| 650 | 0 | _aOncology | |
| 942 |
_2lcc _cBK |
||
| 999 |
_c44224 _d44224 |
||